00368 2200157 4500245006700000250001100067100002400078650001100102650001000113650001100123005001900134260002400153041001400177084001000191336000900201 aTauhid dan Fiqih b : Kunci IbadahcS.A. Zainal 'AbidinhText aCet. 1 aS.A. Zainal 'Abidin aTauhid aFiqih aIbadah a20230412132124 bToha Putra Semarang aIndonesia a297.3 atext